000 00322nam a2200133Ia 4500
008 191201s2002 xx 000 0 und d
100 _aARORA, J K
245 0 _aModern Weaving Technology
250 _a1st
260 _aChandigarh
_bAbhishek Publications
_c2002
300 _a290
650 _aB.Tech(TE)
942 _2ddc
_cBK
999 _c2530
_d2530